000 00509nam a2200193Ia 4500
005 20250508164441.0
008 008 250505s9999 xx 000 0 eng d
037 _aReference
040 _aFEDL
_beng
_cFEDL
041 _aeng
_2eng
084 _a372, ARI
_qFEDL
100 _aAries Philippe
245 0 _aCenturies of childhood
260 _aHarmodsworth, UK
_bPenguin books Ltd.
_c1973
300 _a399p.
546 _aPhoto copy
942 _cREF
_h372, ARI
999 _c1389211
_d1389211